Internal constitution of the earth (Record no. 47262)

MARC details
000 -LEADER
fixed length control field 00584nam a2200157 a 4500
008 - FIXED-LENGTH DATA ELEMENTS--GENERAL INFORMATION
fixed length control field 120416s1951 xx |||||||||||||| || u
050 ## - LIBRARY OF CONGRESS CALL NUMBER
Classification number QE 509 Int
100 ## - MAIN ENTRY--PERSONAL NAME
Personal name Gutenberg, Beno
245 10 - TITLE STATEMENT
Title Internal constitution of the earth
Statement of responsibility, etc. edited by Beno Gutenberg
250 ## - EDITION STATEMENT
Edition statement 2nd ed.
260 ## - PUBLICATION, DISTRIBUTION, ETC.
Place of publication, distribution, etc.
Name of publisher, distributor, etc. Dover Publications
Date of publication, distribution, etc. 1951
300 ## - PHYSICAL DESCRIPTION
Extent (viii), 439p. : ill
350 ## - PRICE (NR) (BK AM CF MU VM SE) [OBSOLETE]
Price 0.00
650 ## - SUBJECT ADDED ENTRY--TOPICAL TERM
Topical term or geographic name entry element EARTH--INTERNAL STRUCTURE
995 ## - RECOMMENDATION 995 [LOCAL, UNIMARC FRANCE]
-- 0.00
-- CBU-MAIN LIBRARY (Kitwe)
-- 1
-- 4.00
-- 1
-- AVAILABLE
-- Mar 16, 2007
-- Annex Low-Usage Collection
Holdings
Withdrawn status Lost status Source of classification or shelving scheme Damaged status Not for loan Home library Current library Shelving location Date acquired Total Checkouts Full call number Barcode Date last seen Price effective from Koha item type
          CBU-MAIN LIBRARY, KITWE. CBU-MAIN LIBRARY, KITWE.   11/30/2022   QE 509 Int 014395 11/30/2022 11/30/2022 MONOGRAPH